Atlas of human histology / (Record no. 12170)

000 -LEADER
fixed length control field 00555pam a2200205 a 4500
020 ## - INTERNATIONAL STANDARD BOOK NUMBER
ISBN 081210756X
040 ## - CATALOGING SOURCE
Transcribing agency DLC
082 00 - DEWEY DECIMAL CLASSIFICATION NUMBER
Classification number 611 LEA 1981 A040 Or.
100 1# - MAIN ENTRY--AUTHOR NAME
Personal name Fiore, Mariano S. H. di.
245 10 - TITLE STATEMENT
Title Atlas of human histology /
250 ## - EDITION STATEMENT
Edition statement 5th ed. /
260 ## - PUBLICATION, DISTRIBUTION, ETC. (IMPRINT)
Place of publication Philadelphia :
Name of publisher Lea & Febiger,
Year of publication 1981.
300 ## - PHYSICAL DESCRIPTION
Number of Pages 267 p. :
Other physical details col. ill. ;
Dimensions 29 cm.
500 ## - GENERAL NOTE
General note Revised translation of: Atlas de histología normal.
500 ## - GENERAL NOTE
General note Includes index.
650 #0 - SUBJECT ADDED ENTRY--TOPICAL TERM
Topical Term Histology
650 #2 - SUBJECT ADDED ENTRY--TOPICAL TERM
Topical Term Histology
700 1# - ADDED ENTRY--PERSONAL NAME
Personal name Schmidt, Ida G.,
942 ## - ADDED ENTRY ELEMENTS (KOHA)
Koha item type សៀវភៅភាសាអង់គ្លេស
952 ## - LOCATION AND ITEM INFORMATION (KOHA)
Withdrawn status [LOCAL, KOHA] 0
Holdings
Permanent Location Date acquired Koha item type Lost status Shelving location Barcode Current Location Full call number
Library Block A2017-08-10សៀវភៅភាសាអង់គ្លេស A040A16495Library Block A611 LEA 1981 A040 Or.
មជ្ឈមណ្ឌលឯការនៃសាកលវិទ្យាល័យភូមិន្ទកសិកម្មចំការដូង

Powered by Koha